[Event "Summer Cup"]
[Site "Wellington Chess Club"]
[Date "2019.02.14"]
[Round "2.9"]
[White "Wilkins, Mark"]
[Black "Slagle, Jim"]
[Result "0-1"]
[WhiteElo "1933"]
[BlackElo "1830"]

1. d4 Nf6 2. Bg5 c5 3. d5 Qb6 4. Bc1 g6 5. Nc3 Bg7 6. e4 d6 7. Nf3 O-O 8. Be2
Qb4 9. a3 Qa5 10. Bd2 a6 11. O-O Nbd7 12. b4 cxb4 13. axb4 Qxb4 14. Bd3 Qc5 15.
Qb1 Rb8 16. Ne2 Nxe4 17. Bxe4 Bxa1 18. Qxa1 Nf6 19. Bh6 Re8 20. Ng3 b5 21. h4
Bb7 22. h5 Bxd5 23. hxg6 hxg6 24. Bd3 e5 25. Nh2 Qc6 26. f3 Rec8 27. Qc1 Bc4
28. Bxc4 Qxc4 29. Ne4 Nh7 30. Ng4 Qxc2 31. Ngf6+ Nxf6 32. Nxf6+ Kh8 33. Qg5 Qc4
34. Bf8 Qf4 35. Qxf4 (35. Bg7+ $1 Kxg7 36. Nh5+) 35... exf4 36. Bxd6 Rb6 37.
Be5 Re6 38. Ng4+ Kh7 39. Nf6+ Kh6 40. Ng4+ Kg5 41. Re1 Rce8 42. Kf2 f5 43.
Bxf4+ Kxf4 {White ran out of time } 0-1

[Event "Summer Cup"]
[Site "Wellington Chess Club"]
[Date "2019.02.14"]
[Round "2.10"]
[White "Rossiter, Philip"]
[Black "Kibblewhite, Daniel"]
[Result "1-0"]
[WhiteElo "1923"]
[BlackElo "1496"]

1. c4 e5 2. Nc3 Nf6 3. g3 Nc6 4. Bg2 g6 5. d3 Bg7 6. Nf3 O-O 7. O-O d6 8. Rb1
Rb8 9. Bg5 h6 10. Bd2 Bf5 11. Nh4 Be6 12. Nd5 Nd4 13. e4 Nxd5 14. cxd5 Bd7 15.
Nf3 Bg4 16. h3 Nxf3+ 17. Bxf3 Bxh3 18. Bg2 Bxg2 19. Kxg2 Qd7 20. Rh1 g5 21. g4
f6 22. f3 Kf7 23. Rc1 Rbc8 24. Qb3 b6 25. Be3 Ke7 26. Rc6 Rf7 27. Qc4 Ke8 28.
Qa6 Ra8 29. Rhc1 Qc8 30. Qxc8+ Rxc8 31. Rxd6 Bf8 32. Rdc6 Kd7 33. d4 Bd6 34. b3
Rh7 35. Bf2 h5 36. Rh1 Rch8 37. gxh5 Rxh5 38. Rxh5 Rxh5 39. dxe5 Bxe5 40. Bg3
Bxg3 41. Kxg3 Rh4 42. Rxf6 Rh1 43. Kg4 Ra1 44. Kxg5 Rxa2 45. f4 Rb2 46. e5 Rxb3
47. Rf7+ Kd8 48. Kf6 Rd3 49. e6 Re3 50. e7+ Ke8 51. Rf8+ Kd7 52. Rd8# 1-0

[Event "Summer Cup"]
[Site "Wellington Chess Club"]
[Date "2019.02.14"]
[Round "2.11"]
[White "Croad, Nicolas"]
[Black "Lyall, Gordon"]
[Result "1-0"]
[WhiteElo "2445"]
[BlackElo "1923"]

1. d4 Nf6 2. c4 c5 3. d5 d6 4. Nc3 g6 5. e4 Bg7 6. h3 O-O 7. Nf3 Re8 8. Bd3 Na6
9. O-O Nc7 10. Re1 a6 11. a4 b6 12. Bf4 Rb8 13. e5 dxe5 14. Nxe5 Bb7 15. Qf3 e6
16. Nc6 Bxc6 17. dxc6 Nh5 18. Bh2 f5 19. Rad1 Bd4 20. Ne2 Rc8 21. Nxd4 cxd4 22.
b4 Qf6 23. Be5 Qh4 24. b5 a5 25. Bf1 Red8 26. g3 Qg5 27. h4 Qe7 28. Rxd4 Nf6
29. Red1 Rxd4 30. Bxd4 Rd8 31. Qd3 Rxd4 32. Qxd4 1-0

[Event "Summer Cup"]
[Site "Wellington Chess Club"]
[Date "2019.02.14"]
[Round "2.12"]
[White "Cilia Vincenti, David"]
[Black "Mullan, Brett"]
[Result "1-0"]
[WhiteElo "2208"]
[BlackElo "1923"]

1. d4 Nf6 2. c4 g6 3. Nc3 d5 4. cxd5 Nxd5 5. e4 Nxc3 6. bxc3 Bg7 7. Bg5 O-O 8.
Qd2 c5 9. d5 Qa5 10. Rc1 Re8 11. c4 Qxd2+ 12. Kxd2 Nd7 13. Bd3 h6 14. Be3 b6
15. f4 e5 16. Nf3 exf4 17. Bxf4 Ne5 18. Nxe5 g5 19. Nxf7 Kxf7 20. Be3 Be5 21.
h4 Kg6 22. hxg5 hxg5 23. Be2 Rh8 24. Rxh8 Bxh8 25. Rh1 Bf6 26. Bh5+ Kg7 27. Rf1
Ba6 28. Kd3 Rf8 29. e5 Bxe5 30. Rxf8 Kxf8 31. Bxg5 Bc8 32. Ke4 Bd4 33. d6 Bd7
34. Kd5 Kg7 35. Bf4 Bf2 36. Be5+ Kh6 37. Bf7 b5 38. Be6 Bxe6+ 39. Kxe6 Kg6 40.
Bf6 Bg3 41. d7 Bc7 1-0

[Event "Summer Cup"]
[Site "Wellington Chess Club"]
[Date "2019.02.14"]
[Round "2.13"]
[White "Pomeroy, Arthur"]
[Black "Heyworth, Nicholas"]
[Result "1-0"]
[WhiteElo "2082"]
[BlackElo "1532"]

1. e4 e5 2. Nf3 Nc6 3. Bb5 a6 4. Ba4 Nf6 5. O-O Be7 6. Re1 b5 7. Bb3 O-O 8. a4
b4 9. d3 d6 10. Nbd2 Na5 11. Ba2 c5 12. Nf1 Be6 13. Ne3 Qd7 14. Bd2 Rab8 15.
Bc4 Nxc4 16. Nxc4 Ng4 17. h3 Nf6 18. Bg5 Ne8 19. Ne3 f6 20. Bh4 Nc7 21. c3 bxc3
22. bxc3 d5 23. c4 d4 24. Nd5 Nxd5 25. cxd5 Bf7 26. Nd2 f5 27. Bxe7 Qxe7 28.
Nc4 f4 29. f3 Be8 30. Qc2 Bd7 31. Rab1 Qg5 32. Kf1 Rxb1 33. Rxb1 Bc8 34. Rb8
Qe7 35. Qb3 Qa7 36. Nxe5 Qe7 37. d6+ 1-0

[Event "Summer Cup"]
[Site "Wellington Chess Club"]
[Date "2019.02.14"]
[Round "2.14"]
[White "Tanoi, Edward"]
[Black "Bennett, Ezra"]
[Result "1-0"]
[WhiteElo "2060"]
[BlackElo "1404"]

1. e4 e5 2. Nf3 Nc6 3. Bb5 Nge7 4. O-O a6 5. Ba4 d5 6. exd5 Qxd5 7. Nc3 Qd6 8.
Ne4 Qb4 9. c4 Bg4 10. d3 O-O-O 11. a3 Qb6 12. c5 Qa7 13. b4 Nd5 14. Bxc6 bxc6
15. Neg5 Rd7 16. h3 Bxf3 17. Qxf3 f6 18. Ne4 Nf4 19. Bxf4 exf4 20. Qxf4 Rxd3
21. Qf5+ Kb7 22. Rfd1 Rd5 23. Rxd5 cxd5 24. Qxd5+ Kc8 25. Qe6+ Kb7 26. Rd1 Qb8
27. Rd7 Qc8 28. Qb6+ 1-0

[Event "Summer Cup"]
[Site "Wellington Chess Club"]
[Date "2019.02.14"]
[Round "2.15"]
[White "Quayle, Jamie"]
[Black "Forster, Bill"]
[Result "0-1"]
[WhiteElo "1300"]
[BlackElo "2023"]

1. d4 d5 2. c4 c6 3. Nc3 Nf6 4. Bg5 e6 5. e4 dxe4 6. Nge2 Nbd7 7. a3 Be7 8. Ng3
O-O 9. h4 Re8 10. Ncxe4 e5 $5 {Trying to blow up the centre to exploit a
development edge and counter a premature kingside attack in the thematic way.}
11. Bd3 {White attacks enthusiastically, but Black hasn't done enough wrong for
these adventures to be justified. Ultimately White's willingness to toss pawns
away willy-nilly tells} 11... exd4 12. O-O Ne5 13. Nxf6+ Bxf6 14. f4 $4 {A
rather horrible move, positionally and tactically. The game should now be
over...} 14... Nxd3 15. Qxd3 Re3 16. Bxf6 Qxf6 $4 {A hasty recapture, I
realised my mistake as soon as I released the piece, something that happens too
often} 17. Rae1 $1 {Of course, Black still has a significant advantage, but
basically has to win the game a second time over, with a slow grind this time.}
17... Be6 18. Rxe3 dxe3 19. b3 Qxh4 20. Qxe3 Rd8 21. f5 Bc8 22. Re1 h6 23. Rf1
Qd4 24. Kf2 Qb2+ 25. Kf3 Qxa3 26. c5 Qb4 27. f6 Bg4+ 28. Kf2 Qd2+ 29. Qxd2
Rxd2+ 30. Kg1 Rd1 31. fxg7 Rxf1+ 32. Kxf1 a5 33. Kf2 Be6 34. Ne4 Bxb3 35. Ke3
Kxg7 36. Nd6 a4 37. Kd2 a3 38. Kc1 Bd5 39. Nf5+ Kg6 40. Ne7+ Kg5 41. g3 Kg4 42.
Ng8 Kxg3 43. Nxh6 Kf4 44. Ng8 Ke5 0-1

[Event "Summer Cup"]
[Site "Wellington Chess Club"]
[Date "2019.02.14"]
[Round "2.16"]
[White "Carroll, Lewis"]
[Black "Farrington, Lawrence"]
[Result "0-1"]
[WhiteElo "1178"]
[BlackElo "1755"]

1. d4 d5 2. c4 Nc6 3. cxd5 Qxd5 4. Nf3 e5 5. Nc3 Bb4 6. e3 exd4 7. Nxd4 Nxd4 8.
Bd2 Qe5 9. f4 Qe6 10. Nb5 Bxd2+ 11. Qxd2 Nxb5 12. Rc1 Nd6 0-1

[Event "Summer Cup"]
[Site "Wellington Chess Club"]
[Date "2019.02.14"]
[Round "2.17"]
[White "He, Paul"]
[Black "Theodosiou, Andreas"]
[Result "1-0"]
[WhiteElo "1687"]
[BlackElo "1356"]

1. c4 e5 2. Nc3 Nf6 3. Nf3 Nc6 4. g3 d5 5. cxd5 Nxd5 6. Qa4 Nxc3 7. bxc3 Bd7 8.
Qc2 g6 9. Bg2 Bc5 10. O-O Qe7 11. Rb1 Bf5 12. e4 Bc8 13. Rd1 f5 14. Nh4 f4 15.
d4 Bb6 16. Nf3 Bg4 17. Qa4 O-O 18. Ba3 Qf6 19. Bxf8 Rxf8 20. Qc4+ Kg7 21. d5
Ne7 22. Rd3 Nc8 23. a4 Nd6 24. Qb4 c5 25. dxc6 Nxe4 26. Qxe4 Bf5 27. Rd7+ Bxd7
28. cxd7 Qd6 29. Qxe5+ Qxe5 30. Nxe5 fxg3 31. hxg3 Bxf2+ 32. Kh2 b6 33. Rd1 1-0

[Event "Summer Cup"]
[Site "Wellington Chess Club"]
[Date "2019.02.14"]
[Round "2.18"]
[White "Anderson, Nicholai"]
[Black "Stracy, Don"]
[Result "0-1"]
[WhiteElo "1100"]
[BlackElo "1632"]

1. e4 c5 2. Nf3 e6 3. Nc3 Nc6 4. d4 cxd4 5. Nxd4 Nf6 6. Bg5 Bb4 7. Qd2 Nxe4 8.
Bxd8 Nxd2 9. Bg5 Ne4 10. a3 Bxc3+ 11. bxc3 Nxg5 12. Nb5 O-O 13. Bd3 d5 14. O-O
e5 15. Nc7 Rb8 16. Nxd5 e4 17. Bc4 Bf5 18. Ne3 Be6 19. Bb5 h6 20. c4 Nd4 21. a4
Rfd8 22. c5 a6 23. Bc4 Bxc4 24. Nxc4 Rbc8 25. Rab1 Rxc5 26. Ne3 Rd7 27. h4 Nge6
28. Rbc1 Ne2+ 29. Kh1 Nxc1 30. Rxc1 Rd2 31. Rb1 b5 32. axb5 Rxb5 33. Ra1 Rxf2
34. c4 Rb6 35. Nd5 Rd6 36. Ne7+ Kh7 37. Nf5 Rxf5 0-1

[Event "Summer Cup"]
[Site "Wellington Chess Club"]
[Date "2019.02.14"]
[Round "2.19"]
[White "Ashe, Michael"]
[Black "Langford, Josh"]
[Result "1-0"]
[WhiteElo "1572"]
[BlackElo "1291"]

1. d4 Nf6 2. c4 e5 3. dxe5 Ng4 4. Nf3 Nc6 5. Bf4 Bb4+ 6. Nbd2 Qe7 7. e3 Bxd2+
8. Qxd2 Ncxe5 9. Be2 d6 10. O-O O-O 11. h3 Nf6 12. Qc2 h6 13. Rac1 c5 14. Rfd1
Qe6 15. b3 Nxf3+ 16. Bxf3 Rd8 17. Rd2 Ne8 18. Rcd1 1-0

[Event "Summer Cup"]
[Site "Wellington Chess Club"]
[Date "2019.02.14"]
[Round "2.20"]
[White "Dunlop, Rafe"]
[Black "Osborne, Geoff"]
[Result "0-1"]
[WhiteElo "1000"]
[BlackElo "1550"]

1. e4 e5 2. Nf3 Nc6 3. Bb5 a6 4. Ba4 b5 5. Bb3 Nf6 6. d4 exd4 7. Nxd4 Bb7 8.
Nc3 Bb4 9. O-O O-O 10. Bg5 Re8 11. Re1 d6 12. Qd3 Ne5 13. Qg3 Bxc3 14. Qxc3 h6
15. Bh4 Ng6 16. Nc6 Bxc6 17. Bxf6 gxf6 18. Qxc6 Ne5 19. Qd5 Qd7 20. Re3 c6 21.
Qd4 c5 22. Rg3+ Kf8 23. Qd5 c4 24. f4 cxb3 25. fxe5 fxe5 26. Qxb3 Re7 27. Rf1
Rd8 28. c4 bxc4 29. Qxc4 Qa7+ 30. Kh1 Rdd7 31. Qc8+ Re8 32. Rg8+ Kxg8 33. Qxe8+
Kg7 34. Rf3 Qc7 35. Kg1 Re7 36. Qa8 Qa7+ 37. Qxa7 Rxa7 38. Rg3+ Kf6 39. h4 Rc7
40. Rb3 Rc6 41. Kf2 d5 42. exd5 Rd6 43. Rd3 e4 44. Rd4 Ke5 45. Ke3 Rxd5 46.
Rxe4+ Kd6 {Scoresheets impossible to fathom. Black won in another 15 moves or
so} 0-1

[Event "Summer Cup"]
[Site "Wellington Chess Club"]
[Date "2019.02.14"]
[Round "2.21"]
[White "Darr, Samuel"]
[Black "Asher, Bruce"]
[Result "1-0"]
[WhiteElo "1549"]
[BlackElo "1216"]

1. e4 e5 2. Nf3 Nc6 3. Bc4 Nf6 4. Ng5 d5 5. exd5 Nxd5 6. Nxf7 Kxf7 7. Qf3+ Ke8
8. Bxd5 Qd7 9. O-O Bd6 10. c3 Rf8 11. Qe4 g6 12. d4 Be7 13. Bxc6 bxc6 14. Qxe5
Rf5 15. Qe2 a5 16. Be3 Ba6 17. c4 Rb8 18. b3 Rb4 19. Nd2 Qe6 20. Rfe1 Bf6 21.
Qd3 Kf7 22. Rad1 Bh4 23. Qc2 Rb8 24. g3 Be7 25. h3 Rh5 26. h4 Bxh4 27. Bg5 Qg4
28. Bxh4 Rxh4 29. Re4 Qf5 30. gxh4 Bc8 31. Rde1 Kf6 32. d5 cxd5 33. Qc3+ Kf7
34. Re7+ 1-0

[Event "Summer Cup"]
[Site "Wellington Chess Club"]
[Date "2019.02.14"]
[Round "2.22"]
[White "Hurndell, Robert"]
[Black "Cooke, Xandi"]
[Result "1-0"]
[WhiteElo "1518"]
[BlackElo "1200"]

1. e4 c5 2. c3 d6 3. d4 cxd4 4. cxd4 e6 5. Bb5+ Bd7 6. Bxd7+ Nxd7 7. Nf3 d5 8.
e5 f6 9. O-O fxe5 10. Nxe5 Ngf6 11. Nc3 Bd6 12. Re1 O-O 13. h3 a6 14. a3 Qc7
15. Bf4 Rfe8 16. Rc1 Qb6 17. Nxd7 Nxd7 18. Na4 Qa5 19. Bxd6 b5 20. Bc7 Qxa4 21.
Qxa4 bxa4 22. Bd6 Kf7 23. Rc7 Rad8 24. Rec1 h6 25. R1c6 Kf6 26. Rxa6 Nb8 27.
Rb6 Rd7 28. Rxb8 Rxb8 29. Rxd7 Rxb2 30. Be5+ Kf5 31. Rxg7 Ra2 32. Bd6 h5 33. f3
Ra1+ 34. Kh2 h4 35. Ra7 Kf6 36. Rxa4 Kf7 37. Ra7+ Ke8 1-0

[Event "Summer Cup"]
[Site "Wellington Chess Club"]
[Date "2019.02.14"]
[Round "2.23"]
[White "Stannard, Lars"]
[Black "Ackroyd, William"]
[Result "1-0"]
[WhiteElo "1357"]
[BlackElo "1100"]

1. d4 Nf6 2. Nf3 c5 3. e3 e6 4. Bd3 d5 5. b3 Nc6 6. a3 cxd4 7. exd4 Bd6 8. Nc3
Qb6 9. Be3 Ng4 10. Qe2 Nxe3 11. Qxe3 O-O 12. b4 Qc7 13. Nb5 Qb8 14. Nxd6 Qxd6
15. O-O Bd7 16. Rfe1 Rfe8 17. c3 a6 18. Bc2 Re7 19. Re2 Rae8 20. Qd3 g6 21. a4
Na7 22. Ne5 Bc6 23. Ng4 Kg7 24. Rae1 b5 25. a5 f6 26. h3 e5 27. Qg3 h5 28. dxe5
hxg4 29. exd6 Rxe2 30. Rxe2 Rxe2 31. Bd3 Re1+ 32. Kh2 Re8 33. Qxg4 g5 34. Qf5
1-0

[Event "Summer Cup"]
[Site "Wellington Chess Club"]
[Date "2019.02.14"]
[Round "2.24"]
[White "Stannard, Bobby"]
[Black "Paley, Yonah"]
[Result "1-0"]
[WhiteElo "1357"]
[BlackElo "1100"]

1. e4 e5 2. Nf3 Nc6 3. d4 d6 4. Bb5 a6 5. Ba4 Nf6 6. Nc3 Bg4 7. d5 Bxf3 8. Qxf3
b5 9. Bxb5 axb5 10. dxc6 d5 11. exd5 b4 12. Nb5 Nxd5 13. Qxd5 Bd6 14. Nxd6+
cxd6 15. c7 Qc8 16. Qxd6 Qe6 17. Qxb4 Rc8 18. Qb5+ Ke7 19. O-O Rxc7 20. Re1 f6
21. Bg5 h6 22. Rxe5 hxg5 23. Rxe6+ Kxe6 24. Re1+ Kf7 25. Qb3+ Kg6 26. a4 Rd8
27. a5 Rcd7 28. h3 Rd6 29. Ra1 f5 30. a6 Ra8 31. a7 Rd7 32. Qe6+ 1-0

[Event "Summer Cup"]
[Site "Wellington Chess Club"]
[Date "2019.02.21"]
[Round "3.1"]
[White "Nyberg, Michael"]
[Black "Ker, Anthony"]
[Result "0-1"]
[WhiteElo "2099"]
[BlackElo "2475"]

1. d4 Nf6 2. Nf3 e6 3. Nbd2 c5 4. c3 b6 5. e3 cxd4 6. exd4 Be7 7. Bd3 Bb7 8.
Qe2 d6 9. a4 O-O 10. O-O Re8 11. Re1 Qc7 12. Nf1 Nbd7 13. Ng3 Bf8 14. Bg5 g6
15. Ne4 Bg7 16. Bf4 Nxe4 17. Bxe4 Bxe4 18. Qxe4 e5 19. dxe5 dxe5 20. Bg3 f6 21.
Rad1 Nc5 22. Qc4+ Qf7 23. Qb5 Qb3 24. Qxb3+ Nxb3 25. Nd2 Nc5 26. Ra1 Red8 27.
Nc4 Rac8 28. Ne3 Nd3 29. Re2 f5 30. Bh4 Rd7 31. Rd1 e4 32. Red2 Kf7 33. f3 Bh6
34. Re2 exf3 35. gxf3 Re8 36. f4 Bxf4 37. Bf2 Ree7 38. Kf1 Nxf2 39. Rxd7 Rxd7
40. Kxf2 Bxe3+ 41. Rxe3 Rd2+ 42. Re2 Rxe2+ 43. Kxe2 Ke6 44. Kd3 Kd5 45. b4 f4
46. c4+ Ke5 47. a5 bxa5 48. bxa5 g5 0-1

[Event "Summer Cup"]
[Site "Wellington Chess Club"]
[Date "2019.02.21"]
[Round "3.2"]
[White "Jackson, Ross"]
[Black "Wastney, Scott"]
[Result "0-1"]
[WhiteElo "1955"]
[BlackElo "2396"]

1. d4 Nf6 2. c4 g6 3. Nf3 Bg7 4. g3 O-O 5. Bg2 d6 6. O-O Nc6 7. Nbd2 e5 8. d5
Ne7 9. e4 Nh5 10. a3 Qe8 11. b4 f5 12. Bb2 f4 13. c5 h6 14. cxd6 cxd6 15. Nc4
Qd8 16. b5 fxg3 17. fxg3 Bg4 18. a4 Rc8 19. Rc1 Rc7 20. Ba3 Nc8 21. Qd3 Rcf7
22. Bb4 Rf6 23. a5 R8f7 24. Qa3 Kh7 25. Ncd2 Qe8 26. b6 a6 27. Ne1 Bf8 28. Nd3
Qd8 29. Qc3 Qe8 30. Nc4 Bg7 31. Nf2 Bf3 32. Qd3 {Black eventually won} 0-1

[Event "Summer Cup"]
[Site "Wellington Chess Club"]
[Date "2019.02.21"]
[Round "3.3"]
[White "Nijman, Brian"]
[Black "Rossiter, Philip"]
[Result "1-0"]
[WhiteElo "2175"]
[BlackElo "1923"]

1. d4 Nf6 2. Bg5 e6 3. e4 h6 4. Bxf6 Qxf6 5. Nf3 d5 6. Nbd2 Bd7 7. e5 Qd8 8. c3
c5 9. Bd3 Nc6 (9... Qb6 $1 10. Qc2 cxd4 11. Nxd4 Nc6 12. N2f3 Rc8 13. Qe2 Nxd4
14. cxd4 Bb4+ 15. Kf1 O-O 16. g3 {unclear} ) 10. dxc5 Qc7 (10... Bxc5 11. O-O
O-O 12. Nb3 Bb6 13. Bc2 f6 14. exf6 Qxf6 15. Qd3 Rad8 16. Rae1 Rfe8 17. Re2 Bc8
$10) 11. Qe2 Bxc5 12. O-O O-O 13. Rae1 Rae8 (13... f6 14. exf6 Rxf6 $10) 14.
Nb3 Be7 (14... Bb6 15. Nbd4 Bxd4 $5 16. Nxd4 Nxd4 17. cxd4 Qa5 18. a3 Rc8 $10)
15. Nbd4 Nxd4 16. Nxd4 a6 17. Bb1 f5 18. f4 Bc5 19. Rf2 Qb6 20. Qd2 Rc8 21. Rd1
$6 (21. g4 {as planned} 21... Bxd4 22. cxd4 Rc4 23. gxf5 exf5 24. Rd1 $14)
21... Rc7 (21... Ba4 22. Re1 Rc7 $10) 22. h3 Bxd4 23. Qxd4 Qxd4 24. Rxd4 Rfc8
25. g4 g6 26. Kg2 Rc4 27. Rfd2 Kf7 28. Kf3 Be8 29. Ke3 Bb5 30. Bc2 Rxd4 31.
Rxd4 fxg4 (31... Bf1 32. gxf5 gxf5 33. Rd1 Bb5 34. Rg1 $14) 32. hxg4 h5 33.
gxh5 gxh5 34. f5 exf5 (34... Rg8 $1 35. Rh4 Rg2 $10) 35. Kf4 Rg8 $10 36. Bxf5 (
36. Kxf5 Bd7+ 37. Kf4 Rg4+ 38. Kf3 Ke6 $10) 36... Bc6 37. Rd2 Rg1 38. Rh2 Rd1
$4 (38... Rf1+ 39. Kg5 Rg1+ 40. Kxh5 Ke7 41. Rd2 Rh1+ 42. Kg5 Rg1+ $10) 39. Ke3
Re1+ 40. Kd4 Rf1 41. Bc2 $2 (41. Rxh5 Rf2 (41... b6 42. Bc2 Rf2 (42... Rf4+ 43.
Ke3 Rf1 44. Rh6) 43. Rf5+) 42. Kc5 Rxb2 43. Kd6 $18) 41... Rf4+ 42. Kc5 $6 (42.
Ke3 Rf1 43. Rxh5) 42... Ke7 (42... h4 43. Kd6 d4 44. Bb3+ Ke8 45. Bc2 dxc3 46.
bxc3 $18) 43. Rxh5 Rc4+ (43... Ke6 44. a3 Rf2 45. Bd1 Rg2 46. b4 $18) 44. Kb6
d4 45. Rh7+ Kd8 46. Rh3 $4 {both players have been playing on increment for
several moves already}  (46. Rh4 $18 { and Philip and I coiuld have gone home
earlier} )  (46. Bb3 $4 dxc3 $1 47. bxc3 (47. Bxc4 c2 $1 $10 48. Rh8+ Ke7 49.
Rh7+) 47... Rxc3 $10) 46... dxc3 47. bxc3 Bb5 $4 (47... Bg2 $3 48. Rg3 Rc6+ 49.
Ka7 Bh1 $1 50. Rg8+ Ke7 51. Rg7+ Ke6 52. Rh7 Bg2 53. Rh2 Bf3 54. Rh3 Bg2 55.
Re3 Ke7 {White has a lot of work to do, if indeed he still has any winning
chances} ) 48. Bb3 Rc6+ 49. Kxb7 Rc7+ 50. Kb6 Rc6+ 51. Ka5 Rc5 52. Rh8+ Ke7 53.
Kb6 $2 (53. c4 Bxc4+ 54. Kb4) 53... Rxe5 $2 (53... Rxc3 54. Rh6 Kd8 55. Bd5 Ke7
56. Rh7+ Kd8 57. Rh4 { and White can win by playing a4 to budge the bishop} )
54. c4 Re6+ 55. Kc7 Be8 56. Rh7+ Kf8 57. Kb7 Bc6+ 58. Ka7 Be4 59. Rc7 Re5 60.
Kxa6 Bd3 61. Kb6 Re6+ 62. Rc6 Re7 63. Rc8+ Kg7 64. c5 1-0

[Event "Summer Cup"]
[Site "Wellington Chess Club"]
[Date "2019.02.21"]
[Round "3.4"]
[White "Slagle, Jim"]
[Black "Winter, Ryan"]
[Result "0-1"]
[WhiteElo "1830"]
[BlackElo "2118"]

1. b4 c6 2. Bb2 a5 3. a3 axb4 4. axb4 Rxa1 5. Bxa1 Qb6 6. c3 Nf6 7. Nf3 d5 8.
e3 Bf5 9. Na3 e6 10. Be2 Bd6 11. Nh4 Bg6 12. f4 Nbd7 13. Nc2 Qd8 14. O-O O-O
15. Nxg6 hxg6 16. c4 dxc4 17. Bxc4 Qe7 18. b5 c5 19. Ne1 Nb6 20. Be2 e5 21.
fxe5 Bxe5 22. Nf3 Bxa1 23. Qxa1 Nbd5 24. Qa4 Nxe3 25. Re1 Ned5 26. Qh4 Qe4 27.
Qxe4 Nxe4 28. Bc4 Nef6 29. d4 cxd4 30. Nxd4 Rd8 31. Bf1 Kf8 32. g3 Nb6 33. Nb3
Nbd5 34. Na5 b6 35. Nc6 Ra8 36. Bg2 Re8 37. Rd1 Nc3 38. Rd3 Nxb5 39. Rb3 Nc7
40. Rxb6 Ncd5 41. Rb8 Rxb8 42. Nxb8 Ke7 43. Bf3 Kd6 44. Be2 Kc7 45. Na6+ Kb6
46. Kf2 Ne4+ 47. Kf3 f5 48. Bd3 Ng5+ 49. Kf2 Nh3+ 50. Kg2 Nhf4+ 51. gxf4 Nxf4+
52. Kf3 Nxd3 53. Nb8 Kc7 54. Na6+ Kb7 55. Ke3 Kxa6 56. Kxd3 Kb5 57. Kd4 g5 58.
Ke3 f4+ 59. Ke4 Kc4 60. h4 gxh4 61. Kxf4 g5+ 0-1

[Event "Summer Cup"]
[Site "Wellington Chess Club"]
[Date "2019.02.21"]
[Round "3.5"]
[White "Sellen, Ian"]
[Black "Croad, Nicolas"]
[Result "0-1"]
[WhiteElo "2041"]
[BlackElo "2445"]

1. c4 Nf6 2. Nc3 c5 3. Nf3 b6 4. g3 Bb7 5. Bg2 e6 6. O-O Be7 7. e3 O-O 8. d4
cxd4 9. exd4 d5 10. cxd5 Nxd5 11. Qb3 Nxc3 12. bxc3 Nc6 13. Be3 Rc8 14. Nd2 Na5
15. Qb2 Bxg2 16. Kxg2 Qd5+ 17. Kg1 Nc4 18. Nxc4 Rxc4 19. Rfc1 Rfc8 20. a4 h6
21. Qb5 Rxc3 22. Rxc3 Rxc3 23. Qe8+ Bf8 24. a5 bxa5 25. Rb1 Rb3 26. Rc1 Qb5 27.
Qa8 Qb7 28. Qd8 Rb1 29. Qxa5 Rxc1+ 30. Bxc1 Qb1 31. Qc3 Bb4 32. Qb2 Qxb2 33.
Bxb2 Kf8 34. Kf1 Ke7 35. Ke2 Kd6 36. Kd3 Kd5 0-1

[Event "Summer Cup"]
[Site "Wellington Chess Club"]
[Date "2019.02.21"]
[Round "3.6"]
[White "Benitez, Edgar"]
[Black "Cilia Vincenti, David"]
[Result "0-1"]
[WhiteElo "2017"]
[BlackElo "2208"]

1. d4 f5 2. g3 e6 3. Bg2 Nf6 4. c4 Be7 5. Nc3 O-O 6. Nf3 d6 7. O-O a5 8. Qb3
Kh8 9. e3 Nc6 10. Rd1 Qe8 11. Nb5 Bd8 12. Ng5 h6 13. Nxe6 Bxe6 14. d5 a4 15.
Qc3 Qh5 16. Bd2 Ne4 17. Bxe4 fxe4 18. dxe6 Rxf2 19. Kxf2 Qxh2+ 20. Kf1 Bh4 21.
e7 Qh1+ 22. Kf2 Qf3+ 23. Kg1 Qxg3+ 24. Kh1 Qf3+ 25. Kg1 Bf2+ 26. Kh2 Qg3+ 0-1

[Event "Summer Cup"]
[Site "Wellington Chess Club"]
[Date "2019.02.21"]
[Round "3.7"]
[White "Hall, Nathan"]
[Black "Pomeroy, Arthur"]
[Result "0-1"]
[WhiteElo "1889"]
[BlackElo "2082"]

1. e4 c5 2. Nc3 a6 3. g3 g6 4. Bg2 Bg7 5. d3 Nc6 6. f4 d6 7. Nh3 e6 8. O-O Nge7
9. Bd2 O-O 10. Rb1 Rb8 11. Ne2 f5 12. Bc3 Nd4 13. Nxd4 cxd4 14. Bd2 h6 15. Qe2
Nc6 16. exf5 gxf5 17. Rfe1 Bd7 18. a3 Qc7 19. Qh5 Ne7 20. Rec1 Be8 21. Qe2 Bf7
22. c3 Qb6 23. Kh1 Rbc8 24. c4 e5 25. fxe5 dxe5 26. Bb4 Rfe8 27. Nf2 Qc7 28.
Qf3 e4 29. dxe4 fxe4 30. Nxe4 Bg6 31. Bd6 Bxe4 0-1

[Event "Summer Cup"]
[Site "Wellington Chess Club"]
[Date "2019.02.21"]
[Round "3.8"]
[White "Tanoi, Edward"]
[Black "He, Caleb"]
[Result "1-0"]
[WhiteElo "2060"]
[BlackElo "1800"]

1. d4 Nf6 2. c4 g6 3. Nc3 d5 4. cxd5 Nxd5 5. e4 Nxc3 6. bxc3 c5 7. Bc4 Bg7 8.
Ne2 e6 9. O-O O-O 10. Be3 cxd4 11. cxd4 b6 12. Qd2 Bb7 13. f3 Nc6 14. Rfd1 Rc8
15. Bb5 a6 16. Bxc6 Rxc6 17. Rac1 Rxc1 18. Rxc1 Qd7 19. Bh6 Rc8 20. Bxg7 Rxc1+
21. Nxc1 Kxg7 {Objectively, the position is about equal although Black has a
lot more to  do to maintain parity. With very few pieces remaining, the value
of the minor pieces  becomes all important. In this position White's knight has
a clear space advantage  and the potential for active play on both sides of the
board. Conversely, Black's  Indian opening objectives has failed to
materialise. White's centre remains strong  and solid, providing the knight
with strong points with which to assist his Queen  and infiltrate the enemy
position. The bishop lacks space and good squares, making  it difficult to
coordinate with Queen and pawns alike.} 22. Qb2 Qd6 23. Nd3 Kf8 $6 {inviting
unnecessary complications}  (23... Kg8 {is safest} ) 24. Ne5 {threatening  to
capture on b6 followed by check on d7} 24... Ke7 $2 (24... b5) 25. Nc4 {is the
other  threat which Black has missed.} 25... Qf4 26. Qa3+ $1 {Preventing any
counterplay while  freeing up the Knight.} 26... Kd8 27. g3 $1 {pushing the
Queen off a possible exchange  on d6} 27... Qf6 (27... Qb8 28. Qf8+ Kd7 29.
Nxb6+ Kc7 30. Qe7+ Kxb6 31. Qc5# {is a nice  finish} ) 28. Qf8+ ( {Also good
was} 28. Qd6+ Ke8 29. Qb8+ Ke7 (29... Qd8 30. Nd6+ Kd7 31. Qxb7+ Qc7 ( {not}
31... Kxd6 32. e5#) 32. Qxc7+ Kxc7 33. Nxf7 $18) 30. Qxb7+ Kf8 31. Qb8+ Kg7 32.
Qe5) 28... Kd7 29. Nxb6+ Kc7 30. Qc5+ Bc6 31. Kg2 g5 32. Nc4 {Black  resigns.
(After} 32... Qd8 33. Qb6+ Kd7 34. Ne5+ {wins).} 1-0

[Event "Summer Cup"]
[Site "Wellington Chess Club"]
[Date "2019.02.21"]
[Round "3.9"]
[White "Sole, Michael"]
[Black "Brockway, Andrew"]
[Result "1-0"]
[WhiteElo "1897"]
[BlackElo "1841"]

1. e4 c5 2. Nf3 g6 3. d4 cxd4 4. Qxd4 Nf6 5. Nc3 Nc6 6. Qa4 Bg7 7. e5 Ng8 8.
Bf4 e6 9. Nb5 Bf8 10. O-O-O h6 11. Kb1 a6 12. Be3 b6 13. Be2 Bb7 14. Nd6+ Bxd6
15. exd6 Nf6 16. Qb3 Nd5 17. Rxd5 exd5 18. Bxb6 Qc8 19. Qxd5 O-O 20. Qb3 Nd8
21. Ne5 Ne6 22. Bc4 Bc6 23. Bxe6 dxe6 24. Bc7 Bd7 25. Qe3 Kg7 26. Re1 f6 27.
Nxd7 Qxd7 28. Qxe6 Rf7 29. Qxd7 Rxd7 30. c4 Rc8 31. b4 Kh7 32. Kb2 Rcxc7 33.
dxc7 Rxc7 34. Kb3 Rd7 35. Kc3 Rc7 36. a4 Rb7 37. c5 Rc7 38. Kc4 Rd7 39. Re2 Rd1
40. c6 Rd8 41. Kc5 1-0